Privatizace - motivace - efektivnost?
Zákonné podklady privatizácie. Očakávané prínosy i úskalia privatizácie. Prehľad zmien postupu. Odporúčanie nájsť taký spôsob privatizácie, ktorý umožňuje výraznejšiu väzbu medzi chovaním človeka a jeho možnosťou podnikateľsky ovplyvňovať svoje hospodárske postavenie.
Salvato in:
| Autore principale: | |
|---|---|
| Natura: | Capitolo di libro |
| Lingua: | ceco |
| Soggetti: | |
| Tags: |
Nessun Tag, puoi essere il primo ad aggiungerne!!
|
MARC
| LEADER | 00000naa a2200000 4500 | ||
|---|---|---|---|
| 001 | r006563 | ||
| 005 | 20221125081226.4 | ||
| 041 | 0 | |a cze | |
| 044 | |a [CS] | ||
| 245 | 1 | 0 | |a Privatizace - motivace - efektivnost? |c E. Krtková |
| 520 | |a Zákonné podklady privatizácie. Očakávané prínosy i úskalia privatizácie. Prehľad zmien postupu. Odporúčanie nájsť taký spôsob privatizácie, ktorý umožňuje výraznejšiu väzbu medzi chovaním človeka a jeho možnosťou podnikateľsky ovplyvňovať svoje hospodárske postavenie. | ||
| 610 | 2 | 0 | |a privatizácia |
| 610 | 2 | 0 | |a ČSFR |
| 610 | 2 | 0 | |a záujmy ekonomické |
| 610 | 2 | 0 | |a vlastníctvo súkromné |
| 100 | 1 | |a Krtková, E. | |